Countries with the Worst GNI Growth Per Capita - Statistics

General Stats
  • This quiz has been taken 21 times
  • The average score is 2 of 11
Answer Stats
% Annual Growth in GNI Per Capita Country % Correct
-21.0% Libya
47%
-4.6% South Sudan
47%
-2.6% Guinea
20%
-6.3% Equatorial Guinea
13%
-3.4% Japan
13%
-1.8% Switzerland
13%
-1.5% Bahamas
7%
-1.8% Cyprus
7%
-5.7% Oman
7%
-1.9% Iceland
0%
-5.0% Kuwait
0%
No matching quizzes found
Score Distribution
Percent of People with Each Score
Percentile by Number Answered
Your Score History
You have not taken this quiz